Cómo es el niño sobredotado y cómo enseñarle / (Record no. 9142)

MARC details
000 -CABECERA
campo de control de longitud fija 00605nam a2200181 a 4500
005 - FECHA Y HORA DE LA ÚLTIMA TRANSACCIÓN
campo de control 20210223120917.0
008 - ELEMENTOS DE LONGITUD FIJA--INFORMACIÓN GENERAL
campo de control de longitud fija 991125s1965 ag 000 0 spa u
035 ## - NÚMERO DE CONTROL DEL SISTEMA
Número de control de sistema UPN01000009142
049 ## - COLECCIÓN
Colección CG
050 #4 - SIGNATURA TOPOGRÁFICA DE LA BIBLIOTECA DEL CONGRESO
Número de clasificación LC3993
Número de documento/Ítem T6.78
100 1# - ASIENTO PRINCIPAL--NOMBRE PERSONAL
Nombre de persona Torrance, Ellis Paul,
Fechas asociadas al nombre 1915-2003
9 (RLIN) 29616
245 10 - MENCIÓN DE TÍTULO
Título Cómo es el niño sobredotado y cómo enseñarle /
Mención de responsabilidad, etc. E. Paul Torrance ; supervisión Jaime Bernstein ; tr. Juan J. Thomas.
260 ## - PUBLICACIÓN, DISTRIBUCIÓN, ETC.
Lugar de publicación, distribución, etc. Buenos Aires :
Nombre del editor, distribuidor, etc. Paidós,
Fecha de publicación, distribución, etc. 1965.
300 ## - DESCRIPCIÓN FÍSICA
Extensión 132 p.
440 #0 - MENCIÓN DE SERIE/ASIENTO SECUNDARIO--TÍTULO
Título Biblioteca del educador contemporáneo ;
Designación de volumen o secuencia 27
650 #4 - ASIENTO SECUNDARIO DE MATERIA - TERMINO TEMATICO
Término de materia o nombre geográfico como elemento de entrada NIÑOS SUPERDOTADOS
9 (RLIN) 8848
905 ## - TIPO DE MATERIAL
Tipo de material Libro
Holdings
Estado de retiro Estado de pérdida Fuente del sistema de clasificación o colocación Estado dañado No para préstamo Código de colección Localización permanente Ubicación/localización actual Ubicación en estantería Total de préstamos Clasificación Código de barras Fecha visto por última vez Número de copia Tipo de ítem Koha Fecha de adquisición Fecha del último préstamo
    Library of Congress Classification     Colección General Bib. Gregorio Torres Quintero Bib. Gregorio Torres Quintero Planta baja 18 LC3993 T6.78 1700 31/12/2020 1 Libro    
    Library of Congress Classification     Colección General Bib. Gregorio Torres Quintero Bib. Gregorio Torres Quintero Planta baja 10 LC3993 T6.78 16340 06/03/2023 1 Libro 16/02/2023 16/02/2023
    Library of Congress Classification     Colección General Bib. Gregorio Torres Quintero Bib. Gregorio Torres Quintero Planta baja 8 LC3993 T6.78 274415 31/12/2020 1 Libro